00285nam a2200085Ia 4500008004100000041000800041100001800049245009500067260003700162241105s9999 xx 000 0 und d aeng aMehta Nirzari aStudy Of Built Densities To Understand The Effect Of Urban Shading On Outdoor Temperatures bM.Arch Environmental, Punec2013